Países Reconhecidos, Não Reconhecidos e Territórios (Por Continente) - Statistics

Estatísticas Gerais
  • Esse quiz foi jogado 125 vezes
  • A pontuação média é 177 de 247
Respostas no mapa
Respostas codificadas por cores de uma escala verde-vermelha no mapa do quiz de acordo com a % correta abaixo.
 
Estatísticas das Respostas
País % Correto
Estados Unidos
91%
Belize
89%
Canadá
89%
Groelândia
89%
México
89%
Cuba
86%
Ilhas Virgens Britânicas
86%
Jamaica
86%
Nicarágua
86%
Argentina
83%
Bahamas
83%
Bolívia
83%
Brasil
83%
Chile
83%
Colômbia
83%
Costa Rica
83%
Dinamarca
83%
El Salvador
83%
Equador
83%
Granada
83%
Guatemala
83%
Guiana
83%
Guiana Francesa
83%
Haiti
83%
Honduras
83%
Ilhas Virgens Americanas
83%
Islândia
83%
Malta
83%
Países Baixos
83%
Paraguai
83%
Peru
83%
República Dominicana
83%
Rússia
83%
São Vicente e Granadinas
83%
Suriname
83%
Uruguai
83%
Venezuela
83%
Alemanha
80%
Austrália
80%
Áustria
80%
Barbados
80%
Bielorrússia
80%
Croácia
80%
Espanha
80%
Fiji
80%
Finlândia
80%
França
80%
Grécia
80%
Irlanda
80%
Itália
80%
Nova Zelândia
80%
Panamá
80%
Porto Rico
80%
Portugal
80%
Reino Unido
80%
São Cristóvão e Nevis
80%
Suécia
80%
Suíça
80%
Trinidad e Tobago
80%
Turquia
80%
Ucrânia
80%
Albânia
77%
Bélgica
77%
Bermudas
77%
Bósnia e Herzegovina
77%
Bulgária
77%
Curaçao
77%
Dominica
77%
Emirados Árabes Unidos
77%
Eslováquia
77%
Eslovénia
77%
Estônia
77%
Ilhas Falkland
77%
Ilhas Marshall
77%
Irão
77%
Letónia
77%
Liechtenstein
77%
Maldivas
77%
Mônaco
77%
Montenegro
77%
Noruega
77%
Palau
77%
Papua Nova Guiné
77%
Polônia
77%
Romênia
77%
Santa Helena, Ascensão, e Tristão da Cunha
77%
Tuvalu
77%
Vaticano
77%
África do Sul
74%
Andorra
74%
Antígua e Barbuda
74%
Arábia Saudita
74%
Camarões
74%
Cazaquistão
74%
China
74%
Chipre
74%
Comores
74%
Coreia do Norte
74%
Coreia do Sul
74%
Geórgia
74%
Guiné
74%
Hungria
74%
Ilhas Salomão
74%
Índia
74%
Indonésia
74%
Iraque
74%
Japão
74%
Kosovo
74%
Líbia
74%
Lituânia
74%
Luxemburgo
74%
Moldávia
74%
Nauru
74%
Omã
74%
República Checa
74%
Samoa
74%
Samoa Americana
74%
Santa Lúcia
74%
Sérvia
74%
Somália
74%
Tonga
74%
Vanuatu
74%
Abecásia
71%
Angola
71%
Argélia
71%
Aruba
71%
Benim
71%
Butão
71%
Cabo Verde
71%
Chade
71%
Costa do Marfim
71%
Essuatíni
71%
Estados Federados da Micronésia
71%
Guiné-Bissau
71%
Iémen
71%
Israel
71%
Jordânia
71%
Lesoto
71%
Líbano
71%
Libéria
71%
Madagáscar
71%
Malásia
71%
Mongólia
71%
Nepal
71%
Níger
71%
Nigéria
71%
Palestina
71%
Paquistão
71%
San Marino
71%
São Tomé e Príncipe
71%
Senegal
71%
Seychelles
71%
Síria
71%
Tunísia
71%
Vietname
71%
Armênia
69%
Azerbaijão
69%
Bahrein
69%
Bangladesh
69%
Birmânia
69%
Botswana
69%
Burkina Faso
69%
Burundi
69%
Catar
69%
Djibouti
69%
Egito
69%
Eritreia
69%
Etiópia
69%
Filipinas
69%
Guiné Equatorial
69%
Kuweit
69%
Macedónia do Norte
69%
Malawi
69%
Marrocos
69%
Maurícia
69%
Quirguistão
69%
República Centro-Africana
69%
República Democrática do Congo
69%
República do Congo
69%
Ruanda
69%
Singapura
69%
Sri Lanka
69%
Sudão
69%
Sudão do Sul
69%
Tanzânia
69%
Togo
69%
Uganda
69%
Uzbequistão
69%
Zâmbia
69%
Zimbábue
69%
Afeganistão
66%
Brunei
66%
Camboja
66%
Gabão
66%
Gâmbia
66%
Gana
66%
Ilhas Cayman
66%
Kiribati
66%
Laos
66%
Mali
66%
Moçambique
66%
Namíbia
66%
Países Baixos Caribenhos
66%
Quênia
66%
Reunião
66%
Saara Ocidental
66%
Serra Leoa
66%
Tailândia
66%
Taiwan
66%
Tajiquistão
66%
Toquelau
66%
Turquemenistão
66%
Guadalupe
63%
Ilhas Feroe
63%
Mauritânia
63%
Polinésia Francesa
63%
Somalilândia
63%
Chipre do Norte
60%
Gibraltar
60%
Ilhas Turcas e Caicos
60%
Nova Caledônia
60%
Timor-Leste
60%
Hong Kong
57%
Montserrat
57%
Ossétia do Sul
57%
São Martinho (França)
57%
São Martinho (Países Baixos)
57%
Anguilla
54%
Guam
54%
Ilha Christmas
54%
Ilhas Cook
54%
São Bartolomeu
54%
Ilhas Cocos (Keeling)
51%
Ilhas Marianas do Norte
51%
Niue
51%
Saint-Pierre e Miquelon
51%
Transnistria
51%
Ilha de Man
49%
Martinica
49%
Jersey
46%
Macau
46%
Mayotte
46%
Svalbard e Jan Mayen
43%
Guernsey
40%
Ilha Norfolk
40%
Wallis e Futuna
40%
Ilhas Pitcairn
37%
Nenhum quiz correspondente encontrado
Distribuição das Pontuações
Porcentagem de Pessoas com Cada Pontuação
Percentil de Números Respondidos
Sua Pontuação Histórica
Você não jogou esse quiz